000
00317nam a22001337a 4500
008
181023b xxu||||| |||| 00| 0 eng d
020
_a
9780393968255
041
_a
eng
080
_2
2nd
_a
820
100
_a
21
101
_a
GJL
245
_a
The Norton Anthology Literature by Women
_c
Gilbert,S.M
942
_2
udc
_c
BK
999
_c
50730
_d
50730